000 00928nam a22002177a 4500
999 _c2182
_d2182
003 AR-CdUCM
008 190304b ||||| |||| 00| 0 spa d
020 _a9972-845-87-7
040 _aMUNICIPALIDAD PROVINCIAL DEL CUSCO
_cBIBLIOTECA MUNICIPAL DEL CUSCO
082 _a353.4 /
_bM42
110 _aMinisterio de educación
_97870
245 _aInfraestructura y calidad educativa :
_bDocumento de trabajo /
260 _aLima :
_bMinisterio de Educación,
_c2005.
300 _a145 paginas ;
_c21 cm.
505 _aContenido :Por una educación de calidad -- La infraestructura educativa actual -- Gestionar la infraestructura gestionando el sistema educativa -- Instalaciones sanitarias en centros educativos -- Seguridad física de la infraestructura educativa ..
650 _aEscuelas y colegios
_94927
650 _aDiseño y construcción.
_95650
650 _aEvaluaciones
_97871
942 _2ddc
_cLIBROS
945 _arum